Porovnanie daňového systému SR s daňovým systémom vybranej krajiny diplomová práca

Salvato in:
Dettagli Bibliografici
Autore principale: Šperglová, Lucia
Ente Autore: Fakulta podnikového manažmentu EU. Katedra podnikových financií
Altri autori: Ďurinová, Ivona, 1964-
Natura: Libro
Lingua:slovacco
Pubblicazione: Bratislava 2017
Tags: Aggiungi Tag
Nessun Tag, puoi essere il primo ad aggiungerne!!

MARC

LEADER 00000nbm a2200000 4500
001 0232534
005 20171018102706.7
041 0 |a slo 
044 |a SK 
245 1 0 |a Porovnanie daňového systému SR s daňovým systémom vybranej krajiny  |b diplomová práca  |c Lucia Šperglová ; školiteľ: Ivona Ďurinová 
264 1 |a Bratislava  |c 2017 
300 |a 88 s. 
100 1 |a Šperglová, Lucia 
700 1 |a Ďurinová, Ivona, 1964- 
710 2 |a Fakulta podnikového manažmentu EU. Katedra podnikových financií